000 00362pam a2200157a 44500
008 230515b2006 xxu||||| |||| 00| 0 eng d
020 _aNULL
041 _aENGLISH
082 _a610.73
100 _aT RAJARATHNAM & MS MOLLY
245 _aJUNIOR STUDENT NURSES CLINICAL DIARY
250 _a0
260 _a
_bJAYPEE
_c2006
300 _a408
650 _aNULL
999 _c525748
_d525748